| 000 | 01734nam a2200229Ia 4500 | ||
|---|---|---|---|
| 003 | Ost | ||
| 005 | 20260507075114.0 | ||
| 008 | 260507s9999||||xx |||||||||||||| ||und|| | ||
| 020 | _a9770429295 | ||
| 040 | _cfsecg | ||
| 041 | _aara | ||
| 082 | _a330 | ||
| 100 |
_aأحمد، منصور محمد _eمؤلف |
||
| 245 | 0 |
_aالغرامة التهديدية كجزاء لعدم تنفيذ أحكام القضاء الإداري الصادرة ضد الإدارة / _c منصور محمد أحمد |
|
| 260 |
_aالاسكندرية: _bدار الجامعة الجديدة للنشر, _c2002 |
||
| 300 |
_a232 صفحة؛ _c24 سم |
||
| 490 | _aالمكتبة القانونية | ||
| 504 | _aببليوغرافيا:ص.211-224 | ||
| 520 | _aالإطار العام للغرامة التهديدية،مفهوم الغرامة التهديدية،تمييز الغرامة التهديدية عن غيرها من الأساليب القريبة منها،مرحلة عدم الاعتراف التشريعي بالغرامة التهديدية،الاعتراف التشريعي بالغرامة التهديدية،نطاق تطبيق الغرامة التهديدية من حيث المحل-مصدر الحكم-من حيث مدى سلطة القضاء الإداري بشأن النزاع محل الحكم-من حيث مدى إمكانية الطعن في الحكم-من حيث الأشخاص الذين تطبق عليهم،جهة القضاء الإداري المختصة بتوقيع الغرامة التهديدية،الحالات التي يمكن فيها رفض توقيع الغرامة التهديدية،تسوية الغرامة التهديدية | ||
| 653 | _aالقضاء الإداري | ||
| 942 | _cكتاب | ||
| 999 |
_c42973 _d42973 |
||